000 01197cam a22002891i 4500
003 SA-RiAUC
005 20260415124843.0
008 260413s1983 su g b 000 0 ara c
040 _aSA-JeALM
_bara
_cSA-RiAUC
_erda
082 0 4 _a070.5
_qSA-RiAUC
090 _a070.5
_bق ا ر
100 1 _aقاري، لطف الله،
_d1954-
_eمؤلف.
245 1 2 _aالوراقة والوراقون في التاريخ الإسلامي /
_cلطف الله قاري.
250 _aالطبعة الثانية.
264 1 _aالرياض :
_bدار الرفاعي للنشر،
_c1983
300 _a77 صفحة ؛
_c16 سم.
336 _aنص
_btxt
_2rdacontent
_3كتاب
337 _aبدون وسيط
_bn
_2rdamedia
490 1 _aالمكتبة الصغيرة ؛
_v37
504 _aيشتمل على إرجاعات ببليوجرافية.
650 7 _aصناعة وتجارة الكتب
_xتاريخ
_2aucsh
650 7 _aالنشر
_xتاريخ
_2aucsh
650 7 _aالوراقة والوراقون
_2aucsh
830 2 _aالمكتبة الصغيرة (دار الرفاعي للنشر والطباعة والتوزيع)
_v37
942 _2ddc
_cBOOK
_n0
949 _aSA-JeALM
_d260413
_uosman123
_n1
999 _c14784
_d14784